ბათუმის შოთა რუსთაველის სახელმწიფო უნივერსიტეტის ბიბლიოთეკა

ლექსები,მოთხრობები (ბიბ.ჩანაწერი № 43373)

000 -LEADER
fixed length control field 00683nam a2200205Ia 4500
001 - CONTROL NUMBER
control field 10101
003 - CONTROL NUMBER IDENTIFIER
control field GE_BSU
008 - FIXED-LENGTH DATA ELEMENTS--GENERAL INFORMATION
fixed length control field 181216s||||||||xx |||||||||||||| ||und||
040 ## - CATALOGING SOURCE
Transcribing agency GE_BSU
080 ## - UNIVERSAL DECIMAL CLASSIFICATION NUMBER
Universal Decimal Classification number 821.353.1–1+821.353.1-32
100 ## - MAIN ENTRY--PERSONAL NAME
Personal name სამადაშვილი,შაქრო
245 ## - TITLE STATEMENT
Title ლექსები,მოთხრობები
245 ## - TITLE STATEMENT
Statement of responsibility, etc. რედ.ს.სიგუა.მხატვ.დ.დუნდუა
260 ## - PUBLICATION, DISTRIBUTION, ETC.
Place of publication, distribution, etc. თბილისი
260 ## - PUBLICATION, DISTRIBUTION, ETC.
Name of publisher, distributor, etc. საბჭოთა საქართველო
260 ## - PUBLICATION, DISTRIBUTION, ETC.
Date of publication, distribution, etc. 1975
300 ## - PHYSICAL DESCRIPTION
Extent 222გვ.19სმ.
653 ## - INDEX TERM--UNCONTROLLED
Uncontrolled term ლექსები,მოთხრობები
942 ## - ADDED ENTRY ELEMENTS (KOHA)
Koha item type წიგნი
ეგზემპლარები
Withdrawn status Lost status Damaged status Not for loan Date acquired Barcode Date last seen Price effective from Koha item type
        2018-12-17 33682 2018-12-17 2018-12-17 წიგნი